12 maiores cidades do Paraná - Statistics

Estatísticas Gerais
  • Esse quiz foi jogado 277 vezes
  • A pontuação média é 9 de 12
Estatísticas das Respostas
Resposta % Correto
Curitiba
100%
Londrina
96%
Maringa
92%
Cascavel
88%
Foz do Iguaçu
84%
Ponta Grossa
84%
Sao jose dos pinhais
74%
Guarapuava
68%
Paranagua
59%
Colombo
56%
Toledo
56%
Araucaria
51%
Nenhum quiz correspondente encontrado
Distribuição das Pontuações
Porcentagem de Pessoas com Cada Pontuação
Percentil de Números Respondidos
Sua Pontuação Histórica
Você não jogou esse quiz